Guess the 1970s song lyrics #299 - Statistics

General Stats
  • This quiz has been taken 12 times
  • The average score is 185 of 271
Answer Stats
Answer % Correct
a
100%
give
100%
I
100%
it
100%
love
100%
me
100%
the
100%
to
100%
You
100%
you
100%
be
90%
don't
90%
For
90%
if
90%
If
90%
on
90%
One
90%
one
90%
they
90%
your
90%
And
80%
can
80%
chance
80%
just
80%
more
80%
not
80%
that
80%
That
80%
try
80%
will
80%
in
70%
like
70%
my
70%
now
70%
Oh
70%
say
70%
time
70%
too
70%
up
70%
what
70%
you're
70%
bad
60%
By
60%
ever
60%
girl
60%
Girl
60%
how
60%
I'll
60%
I'm
60%
I've
60%
long
60%
make
60%
need
60%
won't
60%
Won't
60%
been
50%
But
50%
care
50%
could
50%
face
50%
Some
50%
you've
50%
afraid
40%
apple
40%
baby
40%
Before
40%
bunch
40%
happy
40%
I'd
40%
look
40%
mind
40%
prove
40%
spoil
40%
Than
40%
whole
40%
again
30%
heard
30%
hurt
30%
tell
30%
world
30%
along
20%
ashamed
20%
come
20%
dream
20%
else
20%
guy
20%
Into
20%
myself
20%
rather
20%
sad
20%
Someone
20%
true
20%
brought
10%
guarantee
10%
messed
10%
noticing
10%
really
10%
Satisfy
10%
sock
10%
No matching quizzes found
Score Distribution
Percent of People with Each Score
Percentile by Number Answered
Your Score History
You have not taken this quiz